[Event "AUT-chT9596"]
[Site "Vorarlberg"]
[Date "1996.??.??"]
[Round "2"]
[White "Barthelmann, Benno"]
[Black "Gaertner, Guntram"]
[Result "0-1"]
[WhiteElo "1985"]
[BlackElo "2350"]

1.c4 c6 2.d4 d5 3.Nc3 Nf6 4.g3 dxc4 5.Bg2 e5 6.Nf3 exd4 7.Nxd4 Bc5 8.e3 O-O
9.O-O Nbd7 10.Qe2 Ne5 11.Rd1 Nd3 12.Ne4 Bxd4 13.exd4 Qxd4 14.Be3 Qxb2 15.Qxb2 Nxb2
16.Nxf6+ gxf6 17.Rd6 Nd3 18.Bd4 Re8 19.Bxf6 Bf5 20.Rd4 Re6 21.Bg5 Rae8 22.g4 Be4
23.Rxc4 Bxg2 24.Kxg2 Re2 25.Bh4 c5 26.Rc3 Nf4+ 27.Kf3 Ng6 28.Bf6 b6 29.a4 R2e4
30.Bg5 Rb4 31.h3 f6 32.Bh6 Ne5+ 33.Kg3 Nf7 34.Be3 Nd6 35.Rd3 Nc4 36.Bh6 Kf7
37.Rd7+ Re7 38.Rd8 Rb3+ 39.Kg2 Ra3 40.Rad1 Rxa4 41.g5 fxg5 42.Bxg5 Rb7 43.R1d5 Ke6
44.Rd3 Ne5 45.Re3 Kf5 46.Rf8+ Kxg5 47.f4+ Kh6 48.fxe5 Kg7 49.Rf6 Rf7 50.Rd6 Rd4
51.Rc6 Rd2+ 52.Kg3 Re7 53.Kf4 Rf2+ 54.Ke4 Kf7 55.Rh6 Ke8 56.e6 Kd8 57.Ke5 c4
58.Kd6 Rd2+ 59.Ke5 b5 60.Rf3 Kc7 61.Ra3 a5 62.Rxa5 Kb6 63.Ra8 c3 64.Rc8 c2
65.Kf6 Rc7 66.Rxc7 Kxc7 67.Rxh7+ Kb6  0-1

[Event "JUG-ch (Women) 1"]
[Site "Vrnjacka Banja"]
[Date "1996.??.??"]
[Round "?"]
[White "Voiska, Margarita"]
[Black "Peng, Zhaoqin"]
[Result "1/2-1/2"]
[WhiteElo "2340"]
[BlackElo "2410"]

1.c4 c6 2.Nf3 d5 3.g3 Nf6 4.Bg2 Bf5 5.Qb3 Qb6 6.cxd5 Qxb3 7.axb3 Bxb1 8.Rxb1 cxd5
9.O-O Nc6 10.d3 e6 11.Be3 Bd6 12.Rfc1 Ke7 13.Nd4 Rhc8 14.Ra1 a6 15.h3 Nb4
16.Bd2 Kd7 17.Kf1 Nc6  1/2-1/2

[Event "JUG-ch (Women) 1"]
[Site "Vrnjacka Banja"]
[Date "1996.??.??"]
[Round "?"]
[White "Voiska, Margarita"]
[Black "Ruchieva, Natalia"]
[Result "1/2-1/2"]
[WhiteElo "2340"]
[BlackElo "2255"]

1.c4 c6 2.Nf3 d5 3.e3 Nf6 4.d4 Bf5 5.Nc3 e6 6.Qb3 Qb6 7.c5 Qc7 8.Nh4 Bg6
9.h3 Nbd7 10.Nxg6 hxg6 11.Qa4 Be7 12.Bd2  1/2-1/2

[Event "JUG-chT"]
[Site "Vrnjacka Banja"]
[Date "1996.??.??"]
[Round "?"]
[White "Biljanic, Ljubomir"]
[Black "Kajganovic, Miodrag"]
[Result "0-1"]
[WhiteElo "2220"]
[BlackElo "2305"]

1.c4 c6 2.Nc3 d5 3.cxd5 cxd5 4.d4 Nf6 5.Nf3 Nc6 6.g3 Bf5 7.Bg2 e6 8.O-O h6
9.a3 Be7 10.b4 O-O 11.Bb2 Ne4 12.Na4 a5 13.b5 Na7 14.b6 Nc8 15.Ne5 Nxb6 16.f3 Nxa4
17.Qxa4 Nd6 18.h3 b5 19.Qb3 a4 20.Qa2 Rc8 21.Rac1 Bg5 22.Rxc8 Be3+ 23.Kh2 Qxc8
24.Qa1 Qc2 25.Bc3 Rc8 26.Bb4 Nc4 27.Ng4 Bd2 28.Bxd2 Qxd2 29.Rf2 Bxg4 30.fxg4 Ne3
31.Qb1 Rc1  0-1

[Event "JUG-chT"]
[Site "Vrnjacka Banja"]
[Date "1996.??.??"]
[Round "?"]
[White "Tasic, Vladimir"]
[Black "Kajganovic, Miodrag"]
[Result "1-0"]
[WhiteElo "2150"]
[BlackElo "2305"]

1.c4 c6 2.e4 d5 3.exd5 cxd5 4.cxd5 Nf6 5.Nc3 g6 6.Qb3 Bg7 7.g3 O-O 8.Bg2 Nbd7
9.d4 Nb6 10.Nge2 a5 11.a4 Bg4 12.Nf4 Ne8 13.h3 Bf5 14.g4 Bd7 15.Be3 Nd6 16.O-O Nbc4
17.Rac1 Qe8 18.Qa2 Bh6 19.b3 Nxe3 20.fxe3 f5 21.Qe2 Rc8 22.Ne6 Bxe6 23.dxe6 f4
24.exf4 Bxf4 25.Rc2 Bh6 26.Rxf8+ Qxf8 27.Nd5 Bg7 28.Rxc8 Nxc8 29.Qc4 Nd6
30.Qc3 Qd8 31.Kf2 Kh8 32.Ke2 Ne8 33.Qc5 Nd6 34.Kd3 Kg8 35.Qc7 Qxc7 36.Nxc7 Kf8
37.Be4 Bf6 38.Nd5 Bg5 39.Nb6 Ke8 40.Nd7 Bf4 41.Nc5 b6 42.Nd7 b5 43.Bc6 bxa4
44.Bxa4 Bh6 45.Ne5+ Kf8 46.Nc4 Nxc4 47.bxc4 Kg7 48.d5 Kf6 49.Kd4 Bf4 50.c5 Bg3
51.Bb3 Bc7 52.g5+ Kxg5 53.d6 Bd8 54.c6 exd6 55.e7  1-0

[Event "Wangs Pizol op"]
[Site "Wangs Pizol"]
[Date "1996.??.??"]
[Round "5"]
[White "Sher, Miron N"]
[Black "Faust, H."]
[Result "1-0"]
[WhiteElo "2500"]
[BlackElo "2095"]

1.c4 c6 2.e4 d5 3.exd5 cxd5 4.d4 Nf6 5.Nc3 Nc6 6.Bg5 Qa5 7.Bxf6 exf6 8.cxd5 Bb4
9.Qd2 Bxc3 10.bxc3 Qxd5 11.Nf3 O-O 12.Be2 b6 13.O-O Bb7 14.c4 Qd6 15.Rfd1 Rfd8
16.Rac1 Rac8 17.h3 Ne7 18.d5 Ng6 19.Nd4 Qf4 20.Qxf4 Nxf4 21.Bg4 Rc5 22.Nb3 Bc8
23.Nxc5 Bxg4 24.hxg4 Ne2+ 25.Kf1 Nxc1 26.Nb7  1-0

[Event "Werfen op-A"]
[Site "Werfen"]
[Date "1996.??.??"]
[Round "2"]
[White "Trauner, Rudolf"]
[Black "Niederwieser, Peter"]
[Result "1/2-1/2"]
[WhiteElo "2235"]
[BlackElo "1925"]

1.c4 c6 2.Nf3 d5 3.b3 Nf6 4.Bb2 Bg4 5.e3 Nbd7 6.Be2 e6 7.O-O Bd6 8.Nc3 O-O
9.h3 Bh5 10.d3 Qe7 11.Rc1 Rad8 12.Qc2 Bb8 13.Rfd1 Rfe8 14.g3 Bd6 15.Kg2 h6
16.Rd2 Bg6 17.Qd1 dxc4 18.bxc4 Nc5 19.Na4 Nfd7 20.Bc3 Nxa4 21.Qxa4 Nc5 22.Qd1 Qc7
23.Rb1 Rd7 24.Bb4 Bf8 25.Rbb2 f6 26.Nh4 Bf7 27.Bxc5 Bxc5 28.d4 Bf8 29.Bh5 Red8
30.Bxf7+ Rxf7 31.Ng6 Rfd7 32.Nf4 Re8 33.Qg4 Rde7 34.Ng6 Rd7 35.Kh2 Qc8 36.Qh5 Rc7
37.Rd3 Rd7 38.Rdb3 Red8 39.Qg4 Rc7 40.Nf4 Re7 41.Ng6 Rc7 42.c5 Qd7 43.Nf4 Re8
44.Qg6 Re7 45.Qe4 Qe8 46.Ra3 a6 47.Rab3 g5 48.Ng6 Rg7 49.Nxf8 Kxf8 50.f4 Qd7
51.Rf2 Kg8 52.fxg5 f5 53.Qe5 hxg5 54.e4 fxe4 55.Qxe4 Qd5 56.Qxd5 exd5 57.Re3 Rcf7
58.Kg2 Kh7 59.Re6 Rxf2+ 60.Kxf2 Rf7+ 61.Ke2 Kg7  1/2-1/2

[Event "Werfen op-A"]
[Site "Werfen"]
[Date "1996.??.??"]
[Round "7"]
[White "Miezis, Normunds"]
[Black "Burmakin, Vladimir"]
[Result "0-1"]
[WhiteElo "2530"]
[BlackElo "2505"]

1.c4 c6 2.e4 d5 3.cxd5 cxd5 4.exd5 Nf6 5.Bb5+ Nbd7 6.Nc3 a6 7.Qa4 Rb8 8.Bxd7+ Qxd7
9.Qf4 Ra8 10.Qd4 g6 11.Nf3 Bg7 12.O-O O-O 13.Ne5 Qc7 14.Re1 Nd7 15.f4 b5
16.b3 b4 17.Nd1 Bb7 18.Bb2 Qd6 19.Ne3 Nb6 20.N3c4 Qxd5 21.Qf2 Nc8 22.Re3 Qb5
23.Rh3 Nd6 24.Qh4 h6 25.Re1 Nf5 26.Qf2 Rad8 27.Ne3 Nxe3 28.dxe3 Be4 29.Ng4 h5
30.Ne5 Bxe5 31.fxe5 Rc8 32.Qf4 Qd3 33.Rf1 Rc2 34.Rg3 Rxb2 35.e6 Qxf1+ 36.Kxf1 fxe6  0-1

[Event "Sonnevanck"]
[Site "Wijk aan Zee"]
[Date "1996.??.??"]
[Round "3"]
[White "Claesen, Pieter"]
[Black "Rogers, Ian"]
[Result "1/2-1/2"]
[WhiteElo "2410"]
[BlackElo "2575"]

1.c4 c6 2.e4 d5 3.cxd5 cxd5 4.exd5 Nf6 5.Nf3 g6 6.Bc4 Bg7 7.Nc3 O-O 8.O-O Na6
9.d4 Nc7 10.Qb3 Nfe8 11.Bf4 Nd6 12.Bd3 b6 13.Rfe1 Bb7 14.Ne5 e6 15.Nc6 Bxc6
16.dxc6 Bxd4 17.Rad1 Bc5 18.Ne4 Nd5 19.Bxd6 Bxd6 20.Bc4 Be5 21.Bxd5 exd5
22.Rxd5 Qc7 23.g3 Bg7 24.Rc1 Rad8 25.Rcd1 Rxd5 26.Qxd5 Rc8 27.Rc1 Bxb2  1/2-1/2

[Event "Hoogovens-B"]
[Site "Wijk aan Zee"]
[Date "1996.??.??"]
[Round "6"]
[White "Onischuk, Alexander"]
[Black "Gretarsson, Helgi Ass"]
[Result "1-0"]
[WhiteElo "2580"]
[BlackElo "2450"]

1.c4 c6 2.e4 d5 3.exd5 cxd5 4.cxd5 Nf6 5.Nc3 Nxd5 6.Nf3 Nc6 7.d4 Bg4 8.Qb3 Bxf3
9.gxf3 e6 10.Qxb7 Nxd4 11.Bb5+ Nxb5 12.Qc6+ Ke7 13.Qxb5 Qd7 14.Nxd5+ Qxd5
15.Bg5+ f6 16.Qxd5 exd5 17.Be3 Ke6 18.O-O-O Bb4 19.Kb1 Rhc8 20.Rd3 Rc7 21.Rhd1 Rd8
22.a3 Be7 23.b4 g5 24.Ka2 Rcd7 25.Rc1 d4 26.Bd2 Bd6 27.h4 gxh4 28.Rh1 f5
29.Rxh4 Be5 30.Rh6+ Kd5 31.Kb3 Rg8 32.f4 Bb8 33.f3 Rg6 34.Rh1 a6 35.Re1 Kc6
36.Re8 Bc7 37.Kc4 Rgd6 38.a4 Kb7 39.Rf8 Rd5 40.Rf6 Bb6 41.Be1 Bc7 42.Bf2 R7d6
43.Rf7 Rd7 44.Rxh7 Bxf4 45.Rxd7+ Rxd7 46.Bxd4 Kc6 47.Rc3 Kb7 48.Rc2 Rc7+
49.Bc5 Rd7 50.Re2 Bc7 51.Bd4 Rh7 52.Re3 Kc6 53.Re6+ Kb7 54.Kd5 Rd7+ 55.Kc5 Bd8
56.Bf6 Bc7 57.Be5 Bd8 58.Rg6 Be7+ 59.Kc4 Bd8 60.Bd6 Bb6 61.Kd5 Be3 62.Ke6 Kc6
63.b5+  1-0

[Event "Sonnevanck"]
[Site "Wijk aan Zee"]
[Date "1996.??.??"]
[Round "7"]
[White "Claesen, Pieter"]
[Black "Willemze, Jeroen"]
[Result "1/2-1/2"]
[WhiteElo "2410"]
[BlackElo "2160"]

1.c4 c6 2.e4 d5 3.cxd5 cxd5 4.exd5 Nf6 5.Nf3 Nxd5 6.Nc3 Nxc3 7.bxc3 g6 8.d4 Bg7
9.Bd3 O-O 10.O-O Qc7 11.Ba3 Nc6 12.Re1 Qa5 13.Bxe7 Nxe7 14.Rxe7 Qxc3 15.Rc1 Qa3
16.Rec7 Be6 17.Be4 Rad8 18.Bxb7 Qxa2 19.Ra1 Qb2 20.Rb1 Qa3 21.Be4 a5 22.Ra7 Bd5
23.Ra1 Qb4 24.Rb1 Qd6 25.Bxd5 Qxd5 26.Qa4 Qf5 27.Ra1 Rb8 28.Qa2 Qf4  1/2-1/2

[Event "Yalta op"]
[Site "Yalta"]
[Date "1996.??.??"]
[Round "1"]
[White "Getmanchuk, Andrei V"]
[Black "Izmukhambetov, Salauat"]
[Result "1/2-1/2"]
[WhiteElo "2155"]
[BlackElo "2465"]

1.c4 c6 2.d4 d5 3.cxd5 cxd5 4.Nc3 e5 5.e4 dxe4 6.Bb5+ Bd7 7.dxe5 Bb4 8.Bd2 Bxc3
9.Bxd7+ Nxd7 10.Bxc3 Nc5 11.Qxd8+ Rxd8 12.Ne2 Nd3+ 13.Kf1 f5 14.Nd4 Ne7 15.Ne6 Rc8
16.Nxg7+ Kf7 17.Nh5 Rxc3 18.bxc3 Rc8 19.g4 Rxc3 20.gxf5 Rc2 21.e6+ Kf8 22.f6 Rxf2+
23.Kg1 Nd5 24.Re1 Nxf6 25.Nxf6 Rxf6 26.Rf1  1/2-1/2

[Event "Yalta op"]
[Site "Yalta"]
[Date "1996.??.??"]
[Round "3"]
[White "Klimenko, Sergey"]
[Black "Ljukin, Sergei"]
[Result "1/2-1/2"]
[WhiteElo "2310"]
[BlackElo "2400"]

1.c4 c6 2.b3 d5 3.Bb2 Bf5 4.Nf3 e6 5.g3 Nf6 6.d3 Bd6 7.Bg2 Qe7 8.a3 O-O 9.O-O h6
10.Nc3 Nbd7 11.Re1  1/2-1/2

[Event "Yalta op"]
[Site "Yalta"]
[Date "1996.??.??"]
[Round "4"]
[White "Klimenko, Sergey"]
[Black "Guliev, Sarhan"]
[Result "1/2-1/2"]
[WhiteElo "2310"]
[BlackElo "2505"]

1.c4 c6 2.b3 d5 3.Bb2 Bf5 4.Nf3 e6 5.d3 Nf6 6.g3 Bc5 7.cxd5 exd5 8.Bg2 O-O
9.O-O Nbd7 10.Nc3 Re8 11.Qc2 Qe7 12.Nh4 Bg4 13.h3 Bh5 14.e4 dxe4 15.Nxe4 Bg6
16.Rae1 Nxe4 17.dxe4 Rad8 18.Kh2 Bb4 19.Re2 Qc5 20.Qxc5 Nxc5 21.Nxg6 hxg6
22.a3 Bd2 23.b4 Na4 24.Ba1 Rd3 25.Rd1 Red8 26.Bf1 Kf8 27.Kg2 a5 28.Re3 R3d7
29.Rb3 axb4 30.axb4 b5 31.h4 Nb6 32.Bc3 Nc4 33.Bxc4 bxc4 34.Ra3 Ke7 35.Bxd2 Rxd2
36.Rc1 R8d4 37.Rac3 Rxe4 38.Rxc4 Ree2 39.Rf4 Re6 40.Rc3 Rd5  1/2-1/2

[Event "Yalta op"]
[Site "Yalta"]
[Date "1996.??.??"]
[Round "7"]
[White "Eljanov, Vladimir"]
[Black "Getmanchuk, Andrei V"]
[Result "1/2-1/2"]
[WhiteElo "2325"]
[BlackElo "2155"]

1.c4 c6 2.Nf3 d5 3.Qc2 g6 4.g3 Bg7 5.Bg2 e5 6.d3 Ne7 7.O-O O-O 8.e4 d4 9.Nh4 Na6
10.f4 f5 11.Nd2 exf4 12.gxf4 fxe4 13.Nxe4 Nf5 14.Nxf5 Bxf5 15.Bd2 Qd7 16.Rae1 Rae8
17.b4 Bh3 18.Qd1 Bxg2 19.Kxg2 b5 20.cxb5 cxb5 21.Qf3 Kh8 22.Ng3 Nc7 23.Rxe8 Rxe8
24.f5 Qd5 25.Qxd5 Nxd5 26.Ne4 Rf8 27.fxg6 Rxf1 28.Kxf1 hxg6 29.Ke2 Kg8 30.Kf3 Kf8
31.a3 Ke7 32.Kg4 Nc3 33.Nc5 Be5 34.h3 Bh2 35.Bf4 Bg1 36.Bb8 Nb1 37.a4 bxa4
38.Nxa4 Nc3 39.Nc5 Nb5 40.Kg5 Kf7 41.Nd7 Be3+ 42.Bf4 Kg7 43.Ne5 Nc3 44.Nxg6 Nd5
45.b5 Nc3 46.Ne7 Bxf4+ 47.Kxf4 Nxb5 48.Nc6 Kh6 49.Ke5 Kh5 50.Nxd4 Nc3 51.Nc6 a6
52.Kd4 Ne2+ 53.Ke3 Nc3 54.Kd4 Ne2+ 55.Kc5 Nf4 56.d4 Ne6+ 57.Kb6  1/2-1/2

[Event "Yerevan ol (Women)"]
[Site "Yerevan"]
[Date "1996.??.??"]
[Round "2"]
[White "Silva, M."]
[Black "Horvath, Maria"]
[Result "0-1"]
[WhiteElo "2110"]
[BlackElo "2040"]

1.c4 c6 2.g3 d5 3.Bg2 dxc4 4.Na3 Qc7 5.Nxc4 b5 6.Ne3 Bb7 7.Nf3 Nf6 8.Qc2 e6
9.O-O Be7 10.b3 Nbd7 11.Bb2 O-O 12.Rac1 c5 13.d4 Be4 14.Qc3 Qb7 15.dxc5 Bxc5
16.Rfd1 Rac8 17.b4 Be7 18.Qe1 Nb6 19.a3 Nfd5 20.Nxd5 Bxd5 21.Rxc8 Rxc8 22.Qf1 Nc4
23.Bc1 Qa6 24.Rd3 Bf6 25.Nd2 Bxg2 26.Kxg2 Qc6+ 27.f3 Ne5 28.Bb2 Nxd3 29.Bxf6 gxf6
30.exd3 Qc1 31.Qxc1 Rxc1 32.Ne4 Rc2+ 33.Kh3 f5 34.Nf6+ Kg7 35.Ne8+ Kg6 36.g4 fxg4+
37.Kxg4 Rc3 38.Nd6 a6 39.Ne8 Rc6 40.h4 f5+  0-1

[Event "Yerevan op"]
[Site "Yerevan"]
[Date "1996.??.??"]
[Round "3"]
[White "Sher, Miron N"]
[Black "Avetisian, Marine"]
[Result "1-0"]
[WhiteElo "2500"]
[BlackElo "2085"]

1.c4 c6 2.e4 d5 3.exd5 cxd5 4.d4 Nf6 5.Nc3 g6 6.Qb3 Bg7 7.cxd5 O-O 8.Be2 Nbd7
9.Bf3 Nb6 10.Nge2 Bf5 11.O-O Bd3 12.d6 Qxd6 13.Bxb7 Bc4 14.Qd1 Rad8 15.b3 Bxe2
16.Qxe2 Nbd5 17.Nxd5 Nxd5 18.Bxd5 Qxd5 19.Bb2 Qb7 20.Qe3 Rd7 21.Rac1 Rfd8
22.Rc4 Qb6 23.g3 e5 24.dxe5 Qxe3 25.fxe3 Re8 26.Rc5 h5 27.Bd4 Re6 28.Ra5 a6
29.Rc1 f6 30.exf6 Bxf6 31.Bxf6 Rxf6 32.Rc2 Rd1+ 33.Kg2 Re1 34.Re5 Kg7 35.Rd2 Rc6
36.Kf3 Kf6 37.Red5 Re6 38.Re2 Rf1+ 39.Kg2 Rc1 40.Ra5 Rb1 41.e4 Rc1 42.Kf3 Rcc6
43.Kf4 Rc1 44.e5+ Kg7 45.Ke4 Rcc6 46.Kd5 Kf7 47.Rc5  1-0

[Event "Yerevan ol (Men)"]
[Site "Yerevan"]
[Date "1996.??.??"]
[Round "6"]
[White "Barcenilla, Rogelio"]
[Black "Fridman, Daniel"]
[Result "1/2-1/2"]
[WhiteElo "2450"]
[BlackElo "2500"]

1.c4 c6 2.Nf3 d5 3.b3 Nf6 4.Bb2 Bg4 5.e3 Nbd7 6.Be2 e6 7.h3 Bh5 8.O-O Bd6
9.d4 Ne4 10.Nc3 Nxc3 11.Bxc3 Nf6 12.Nd2 Bg6 13.c5 Bc7 14.b4 a6 15.a4 O-O
16.f4 Ne4 17.Nxe4 Bxe4 18.Bd3 Bxd3 19.Qxd3 Qd7 20.Rab1 f6 21.b5 axb5 22.axb5 Ra3  1/2-1/2

[Event "Yerevan ol (Men)"]
[Site "Yerevan"]
[Date "1996.??.??"]
[Round "6"]
[White "Pineda, Boris"]
[Black "Mamombe, Kudzanai"]
[Result "1/2-1/2"]
[WhiteElo "2230"]
[BlackElo "2140"]

1.c4 c6 2.Nf3 d5 3.b3 Nf6 4.e3 Bf5 5.Be2 e6 6.O-O Bd6 7.Bb2 Nbd7 8.Nc3 O-O
9.Rc1 Rc8 10.d3 a6 11.a3 e5 12.e4 Be6 13.b4 d4 14.Nb1 a5 15.c5 Be7 16.Ng5 Ba2
17.Nd2 h6 18.Ra1 axb4 19.axb4 Ra8 20.Ngf3 b6 21.b5 Qc7 22.cxb6 Qxb6 23.bxc6 Qxc6
24.Nh4 Rfb8 25.Nf5 Bf8 26.Rc1 Qb5 27.Rc2 g6 28.Ng3 Bb3 29.Nxb3 Qxb3 30.Bc1 Ra1
31.Rc4 Qxd1 32.Bxd1 Rbb1 33.Be2 Nc5 34.Bxh6 Rxf1+ 35.Nxf1 Nfd7 36.Bxf8 Kxf8
37.f4 f6 38.fxe5 fxe5 39.Rc2 Ra3 40.Rd2 Rc3 41.h4 Nb3 42.Rd1 Nc1 43.Bf3 Nc5
44.Nh2 Ke7 45.Ng4 N5xd3 46.Rf1 Kd6 47.Nh6 Rc5 48.Bg4 Nf4 49.g3 Nh5 50.Nf7+ Ke7
51.Bxh5 gxh5 52.Ng5 d3 53.Nf3 Kd6 54.Rd1 Rc3 55.Kg2 Nb3 56.Kh3 Ke6 57.Kg2 Rc2+
58.Kf1 Nc5 59.Nd2 Kd6 60.Nf3 Rc4 61.Nd2 Rd4 62.Kf2 Rb4 63.Ke3 Kc6 64.Rf1 Kd6
65.Rf5 Nb3 66.Rxh5 Nxd2 67.Kxd2 Rxe4 68.Kxd3 Kd5 69.Rg5 Ra4 70.h5 Ra3+ 71.Kc2 Ra2+
72.Kc3 Rh2 73.g4 Ke4 74.Rg6 Kf4 75.h6 e4 76.g5 Rh3+ 77.Kd4 e3 78.Kd3 Rh2
79.Rg7 Rd2+ 80.Kc3 Rd8 81.g6  1/2-1/2

[Event "Yerevan ol (Men)"]
[Site "Yerevan"]
[Date "1996.??.??"]
[Round "7"]
[White "McNab, Colin Anderson"]
[Black "Kutirov, Rolando"]
[Result "1/2-1/2"]
[WhiteElo "2465"]
[BlackElo "2525"]

1.c4 c6 2.Nf3 d5 3.b3 Bg4 4.Bb2 Nd7 5.e3 e6 6.h3 Bf5 7.Be2 h6 8.O-O Ngf6
9.Nc3 Bd6 10.d3 Bh7 11.e4 dxe4 12.dxe4 Qc7 13.Bd3 O-O 14.Bc2 Rfe8 15.Qe2 e5
16.Rfd1 Nf8 17.g3 N6d7 18.Rd2 Be7 19.Rad1 Bg6 20.Nh2 Rad8 21.h4 f6 22.Qf3 Ne6
23.Ne2 Bb4 24.Bc3 Bxc3 25.Qxc3 Bh5 26.f3 a5 27.Kg2 Ndc5 28.Nf1 Bf7 29.Ne3 Rxd2
30.Rxd2 Rd8 31.Nf5 Bg6 32.Ne3 Kh7 33.a3 Nd4 34.Nf5 Nxe2 35.Rxe2 Ne6 36.Ne3 Bh5
37.Rd2 Nd4 38.Bd1 Rd7 39.Nf5 Nxf5 40.exf5 e4 41.g4 Qe5 42.Qc2 exf3+  1/2-1/2

[Event "Yerevan op"]
[Site "Yerevan"]
[Date "1996.??.??"]
[Round "9"]
[White "Yegiazarian, Arsen"]
[Black "Danielian, Elina"]
[Result "1-0"]
[WhiteElo "2455"]
[BlackElo "2330"]

1.c4 c6 2.d4 g6 3.Nc3 Bg7 4.e4 d6 5.h3 Nd7 6.Nf3 e5 7.d5 Qc7 8.Be3 f5 9.dxc6 bxc6
10.c5 d5 11.exd5 f4 12.Bd2 Nxc5 13.b4 Nb7 14.dxc6 Nd6 15.b5 Nf6 16.Qb3 Qe7
17.Qb4 e4 18.O-O-O Bh6 19.Re1 O-O 20.Bc4+ Kg7 21.Nxe4 Nfxe4 22.Rxe4 Qxe4
23.Bc3+ Rf6 24.Qxd6 Qxc4 25.Qxf6+ Kg8 26.Qh8+  1-0

[Event "Yerevan ol (Men)"]
[Site "Yerevan"]
[Date "1996.??.??"]
[Round "11"]
[White "Grigorian, Vardan"]
[Black "Manninen, Marko"]
[Result "1-0"]
[WhiteElo "2355"]
[BlackElo "2400"]

1.c4 c6 2.d4 d5 3.cxd5 cxd5 4.Nc3 Nf6 5.Bf4 a6 6.e3 Nc6 7.Bd3 Bg4 8.Nge2 e6
9.O-O Bd6 10.f3 Bh5 11.Rc1 Bg6 12.a3 Bxd3 13.Qxd3 Bxf4 14.Nxf4 O-O 15.b4 Re8
16.Rfd1 Qd6 17.Qd2 Nd7 18.Nd3 Nb6 19.Nb2 e5 20.dxe5 Qxe5 21.e4 dxe4 22.Nxe4 f5
23.Nc5 Rad8 24.Qf2 Nd4 25.Kh1 Re7 26.Rd2 Nc6 27.Rxd8+ Nxd8 28.h3 Qe3 29.Qxe3 Rxe3
30.Rd1 Nf7 31.a4 Re7 32.a5 Nc8 33.Nc4 g6 34.Kg1 Na7 35.Nd6 Nxd6 36.Rxd6 Nc6
37.Nxa6 Nxa5 38.bxa5 bxa6  1-0

[Event "Yerevan ol (Men)"]
[Site "Yerevan"]
[Date "1996.??.??"]
[Round "11"]
[White "Onischuk, Alexander"]
[Black "Rublevsky, Sergei"]
[Result "1/2-1/2"]
[WhiteElo "2605"]
[BlackElo "2645"]

1.c4 c6 2.d4 d5 3.Nf3 Nf6 4.e3 Bf5 5.Bd3 Bxd3 6.Qxd3 e6 7.O-O Nbd7 8.Nbd2 Be7
9.b3 O-O 10.e4 dxe4 11.Nxe4 Nxe4 12.Qxe4 a5 13.Rb1  1/2-1/2

[Event "Yerevan ol (Men)"]
[Site "Yerevan"]
[Date "1996.??.??"]
[Round "12"]
[White "Votava, Jan"]
[Black "Grigorian, Vardan"]
[Result "1-0"]
[WhiteElo "2545"]
[BlackElo "2355"]

1.c4 c6 2.b3 d5 3.Bb2 Bf5 4.d3 e6 5.Nd2 Nf6 6.Ngf3 h6 7.g3 Be7 8.Bg2 O-O
9.O-O a5 10.a3 Nbd7 11.Re1 Bh7 12.Ne5 Qb6 13.Nxd7 Nxd7 14.d4 Nf6 15.e3 Bd3
16.Qc1 Rfc8 17.Bc3 Qd8 18.Qb2 b5 19.c5 Qc7 20.f3 Bg6 21.b4 a4 22.Rf1 Rf8
23.Rae1 Nh7 24.e4 f5 25.e5 Bh5 26.Nb1 g5 27.Bd2 Rf7 28.f4 Rg7 29.Nc3 Rf8
30.Kf2 Be8 31.h3 h5 32.Ne2 g4 33.hxg4 fxg4 34.Rh1 Qd8 35.Ref1 h4 36.gxh4 Bxh4+
37.Ke3 Bg6 38.Be1 Bxe1 39.Rxe1 Qe7 40.Rh6 Qf7 41.Rf1 g3 42.Rh3 Qf5 43.Rxg3 Rff7
44.Bh3 Qe4+ 45.Kd2 Bh5 46.Re3 Bxe2 47.Rxe2 Qg6 48.Qc3 Nf8 49.Qe3 Qh5 50.Ref2 Qh4
51.Rf3 Rg6 52.R1f2 Rfg7 53.f5 exf5 54.Bxf5 Rg3 55.e6 Rxf3 56.Rxf3 Qh1 57.Rf2 Qh4
58.Re2 Qe7 59.Kc2 Ng6 60.Bxg6 Rxg6 61.Qe5 Rg5 62.Qf4 Rg1 63.Kb2 Rg6 64.Qe5 Rg5  1-0

[Event "Yerevan ol (Men)"]
[Site "Yerevan"]
[Date "1996.??.??"]
[Round "14"]
[White "Silva, Fernando"]
[Black "Rojas, Luis"]
[Result "1-0"]
[WhiteElo "2375"]
[BlackElo "2355"]

1.c4 c6 2.Nf3 d5 3.b3 Bg4 4.Bb2 Nd7 5.e3 Ngf6 6.Be2 e6 7.O-O Be7 8.d3 O-O
9.Nbd2 a5 10.a3 Bh5 11.Rc1 Bd6 12.Rc2 Qe7 13.Qa1 e5 14.cxd5 cxd5 15.e4 dxe4
16.Nxe4 Nxe4 17.dxe4 Bxf3 18.Bxf3 Nc5 19.Rc3 Rfd8 20.Rd1 Bc7 21.a4 Ne6 22.Be2 Bb6
23.Bc4 Rxd1+ 24.Qxd1 Bd4 25.Rc2 Rd8 26.Rd2 Qg5 27.Bc1 Nf4 28.g3 Qg6 29.Qc2 Nh3+
30.Kg2 Qg4 31.Rd3 Ng5 32.Bxg5 Qxg5 33.Rf3 Rf8 34.Bxf7+ Kh8 35.Bd5 Qd8 36.Qc7 Qe8
37.Qd7 b6 38.Rf7 h6 39.Qf5 Rxf7 40.Bxf7 Qf8 41.h4 Bc5 42.h5 Be7 43.Qe6 Bf6
44.Kh3 Qd8 45.f3 Qf8 46.Kg4 Qd8 47.Kf5  1-0

[Event "Zalakaros op"]
[Site "Zalakaros"]
[Date "1996.??.??"]
[Round "4"]
[White "Rihtar, Gottfried"]
[Black "Benesch, Heribert"]
[Result "1/2-1/2"]
[WhiteElo "2170"]
[BlackElo "2055"]

1.c4 c6 2.Nc3 d5 3.cxd5 cxd5 4.d4 Nf6 5.Nf3 Nc6 6.Bf4 Bf5 7.e3 e6 8.Bd3 Bxd3
9.Qxd3 Be7 10.O-O O-O 11.Rac1 Qa5 12.a3 a6 13.Nd2 Rfc8 14.Nb3 Qd8 15.Rc2 Na7
16.Rfc1 Nd7 17.Na4 Rxc2 18.Rxc2 Rc8 19.h3 Rxc2 20.Qxc2 Qc8 21.Qxc8+ Nxc8
22.Kf1 Kf8 23.Ke2 Ke8 24.Bc7 b5 25.Nac5 Nxc5 26.Nxc5 Bxc5 27.dxc5 Kd7 28.Be5 f6
29.Bc3 Na7 30.Kd3 Nc6 31.e4 dxe4+ 32.Kxe4 Ke7 33.b4  1/2-1/2

[Event "Zaragoza op"]
[Site "Zaragoza"]
[Date "1996.??.??"]
[Round "6"]
[White "Suba, Mihai"]
[Black "Nikcevic, Nebojsa"]
[Result "1-0"]
[WhiteElo "2565"]
[BlackElo "2485"]

1.c4 c6 2.e4 d5 3.exd5 cxd5 4.d4 Nf6 5.Nc3 Nc6 6.Bg5 e6 7.cxd5 exd5 8.Bb5 Be7
9.Nf3 O-O 10.Bxc6 bxc6 11.Ne5 h6 12.Be3 Bd6 13.O-O Re8 14.Bf4 c5 15.Re1 Ba6
16.Bg3 Rc8 17.Nf3 Rxe1+ 18.Qxe1 cxd4 19.Nxd4 Bb4 20.Qe5 Bxc3 21.bxc3 Ng4
22.Qf4 Qg5 23.Qd6 Bd3 24.h3 Nf6 25.Bf4 Ne4 26.Qd7 Qd8 27.Qxa7 Nxc3 28.Be5 Ra8
29.Qb7 Qc8 30.Qb2 Na4 31.Qb3 Qc4 32.Rd1 Bg6 33.Qg3 Nc3 34.Rc1 Qxd4 35.Rxc3 Qd1+
36.Kh2 d4 37.Rc7 Qd3 38.f3 Rxa2 39.Rc8+ Kh7 40.Re8  1-0

[Event "Weihnachts op"]
[Site "Zuerich"]
[Date "1996.??.??"]
[Round "3"]
[White "Ballmann, Martin"]
[Black "Ivanisevic, Ivan"]
[Result "0-1"]
[WhiteElo "2360"]
[BlackElo "2300"]

1.c4 c6 2.e4 e5 3.Nc3 Nf6 4.Nf3 d6 5.Be2 g6 6.d4 Nbd7 7.O-O Bg7 8.d5 c5 9.Ne1 O-O
10.Nd3 Nb6 11.b4 Nxc4 12.bxc5 dxc5 13.Nxc5 Nd6 14.Ba3 b6 15.Nb3 Nfxe4 16.Nxe4 Nxe4
17.Bxf8 Qxf8 18.Rc1 Bb7 19.Bb5 Rd8 20.Bc6 Ba6 21.Re1 Nd6 22.Nd2 Bd3 23.Rc3 e4
24.Rxd3 exd3 25.Re3 Nf5 26.Rxd3 Qb4 27.Nf3 Ne7 28.Ba4 b5 29.Bb3 Nf5 30.h3 a5
31.a4 Nd6 32.Ne1 Nc4 33.Nc2 Qc5 34.Bxc4 bxc4 35.Re3 h5 36.Re4 Rxd5 37.Qe2 c3
38.Rc4 Rd2 39.Qe8+ Qf8 40.Qe4 Rd1+ 41.Kh2 Qd6+ 42.f4 Kh7 43.Qe8 Qd3 44.Rc7 Rh1+  0-1

[Event "Weihnachts op"]
[Site "Zuerich"]
[Date "1996.??.??"]
[Round "7"]
[White "Kraehenbuehl, Gerhard"]
[Black "Ivanisevic, Ivan"]
[Result "0-1"]
[WhiteElo "2265"]
[BlackElo "2300"]

1.c4 c6 2.e4 e5 3.Nc3 Nf6 4.Nf3 d6 5.Be2 g6 6.d4 Nbd7 7.O-O Bg7 8.Rb1 a5
9.Qc2 O-O 10.b3 exd4 11.Nxd4 Nc5 12.Be3 Qe7 13.f3 Re8 14.Bf2 Nh5 15.Qd2 Be5
16.g3 Bh3 17.Rfe1 Qf6 18.Rbd1 Nf4 19.Be3 Ng2 20.f4 Nxe1 21.Rxe1 Bxd4 22.Bxd4 Qd8
23.f5 g5 24.f6 h6 25.Bd1 Ne6 26.g4 h5 27.gxh5 c5 28.Be3 Qxf6 29.Nd5 Qe5 30.Qf2 Kg7
31.Bd2 Nd4 32.Nc7 a4 33.h6+ Kg6 34.h7 axb3 35.axb3 f6 36.Qe3 Bd7 37.h4 Kxh7
38.hxg5 fxg5 39.Kg2 Bc6 40.Qh3+ Kg7 41.Nxa8 Rxa8 42.Kg1 Ra2 43.Qe3 Bxe4 44.Qxg5+ Qxg5+
45.Bxg5 Rg2+ 46.Kf1 Rxg5 47.Rxe4 Rf5+ 48.Kg2 Re5 49.Rg4+ Kf6 50.Kf2 Re7 51.b4 Rh7
52.bxc5 dxc5 53.Ke3 Ke5 54.Rg5+ Kd6 55.Rd5+ Kc6 56.Rh5 Rxh5 57.Bxh5 Kb6 58.Kd3 Ka5
59.Kc3 Ka4 60.Bg4 Nc6 61.Bc8 Na5 62.Bf5 Ka3 63.Bc2 b6 64.Bd1 Nc6 65.Bc2 Nd4
66.Bd1 Nf5 67.Bg4 Nd4 68.Bd1 Ka2 69.Ba4 Ne2+ 70.Kd2 Ka3 71.Bd1 Ng3 72.Bg4 Ne4+
73.Ke3 Nd6 74.Be6 Kb3 75.Kd3 Nb7 76.Ke4 Na5 77.Kd3 Kb4 78.Bd5 Nb3 79.Bc6 Nd4
80.Bd5 Nf5 81.Ke4 Nd4 82.Kd3 Kb3 83.Bg8 Nc2 84.Bd5 Nb4+ 85.Kd2 b5 86.Be4  0-1

[Event "Hoogovens-B"]
[Site "Wijk aan Zee"]
[Date "1997.01.25"]
[Round "4"]
[White "Janssen, Ruud"]
[Black "Cifuentes Parada, Roberto"]
[Result "1/2-1/2"]
[WhiteElo "2350"]
[BlackElo "2515"]

1.c4 c6 2.Nf3 d5 3.e3 Nf6 4.Nc3 e6 5.b3 Nbd7 6.Bb2 Bd6 7.d4 O-O 8.Bd3 Qe7
9.Qc2 dxc4 10.bxc4 e5 11.O-O Re8 12.c5 Bc7 13.Bc4 e4 14.Ng5 Bxh2+ 15.Kh1 Nd5
16.Qxe4 Qxe4 17.Ncxe4 Bc7 18.Nc3 N7f6 19.e4  1/2-1/2

[Event "AUT-chT2O 9798"]
[Site "Austria"]
[Date "1997.02.15"]
[Round "10"]
[White "Solyuk, M."]
[Black "Schirmbeck, Hannes"]
[Result "1/2-1/2"]
[WhiteElo "2150"]
[BlackElo "2220"]

1.c4 c6 2.Nf3 Nf6 3.g3 d5 4.b3 Bf5 5.Bb2 e6 6.Bg2 h6 7.O-O Be7 8.d3 O-O 9.Nbd2 Qb6
10.Rc1 Nbd7 11.d4 Ne4  1/2-1/2